Conference report Nice 1991 (Record no. 30021)
[ view plain ]
| 000 -LEADER | |
|---|---|
| fixed length control field | 01263cab a2200229 4500 |
| 001 - CONTROL NUMBER | |
| control field | ABS44517 |
| 008 - FIXED-LENGTH DATA ELEMENTS--GENERAL INFORMATION | |
| fixed length control field | 090401t1991 xxu||||| |||| 00| 0 eng d |
| 035 ## - SYSTEM CONTROL NUMBER | |
| System control number | (Sirsi) u47620 |
| 041 ## - LANGUAGE CODE | |
| Language code of text/sound track or separate title | eng |
| 100 ## - MAIN ENTRY--PERSONAL NAME | |
| Personal name | Roberts, J. |
| 245 ## - TITLE STATEMENT | |
| Title | Conference report Nice 1991 |
| 260 ## - PUBLICATION, DISTRIBUTION, ETC. | |
| Date of publication, distribution, etc. | 1991 |
| 350 ## - PRICE (NR) (BK AM CF MU VM SE) [OBSOLETE] | |
| Price | 0 |
| 490 ## - SERIES STATEMENT | |
| Series statement | Shopping Centre Horizons |
| Volume/sequential designation | (22) Spring 1991, 2-13(12) |
| 520 ## - SUMMARY, ETC. | |
| Summary, etc. | As an international event, the ICSC conference in Nice was keen to identify and report on market trends throughout Europe without giving coverage to any one country. Accordingly the fortunes of shopping centres in 1990 were summarised by region: southern, central, northern and eastern Europe , before passing on in day 2 to themes of common interest. Speakers addressed subjects such as the renovation of ailing centres, conservation within historic towns, airport shops . The 3rd day reviewed the North American market, and five specific centres in Europe, and the final day considered future developments, with the advent of a market of 350 million people as a major preoccupation. |
| 650 ## - SUBJECT ADDED ENTRY--TOPICAL TERM | |
| Topical term or geographic name entry element | RETAILING |
| 650 ## - SUBJECT ADDED ENTRY--TOPICAL TERM | |
| Topical term or geographic name entry element | SINGLE MARKET |
| 690 ## - LOCAL SUBJECT ADDED ENTRY--TOPICAL TERM (OCLC, RLIN) | |
| Topical term or geographic name as entry element | PROPERTY-COMMERCIAL PROPERTY-COMMERCIAL PROPERTY MARKET |
| 700 ## - ADDED ENTRY--PERSONAL NAME | |
| Personal name | Frampton, R. |
| 942 ## - ADDED ENTRY ELEMENTS (KOHA) | |
| Suppress in OPAC | 0 |
| 948 ## - LOCAL PROCESSING INFORMATION (OCLC); SERIES PART DESIGNATOR (RLIN) | |
| c (OCLC) | 04/03/1997 |
| Withdrawn status | Lost status | Source of classification or shelving scheme | Damaged status | Not for loan | Home library | Current library | Shelving location | Date acquired | Total Checkouts | Full call number | Barcode | Date last seen | Copy number | Price effective from | Koha item type |
|---|---|---|---|---|---|---|---|---|---|---|---|---|---|---|---|
| Dewey Decimal Classification | London | London | Journal article | 14/09/1999 | ABS44517 | 47620-1001 | 06/08/2019 | 1 | 06/08/2019 | Journal article |